000 00791cam a2200205 4500
001 WB3713-27
008 000000n2001 000 0 eng u
035 _a(Sirsi) u111707
245 _aUnderstanding local strategic partnerships - new guidance
260 _c2001
490 _aDETR Press Release
_v (187) 27 March 2001, (3)
520 _aNew guidance, Local Strategic Partnerships is issued to help local groups work with public sector agencies. Core responsibilities include preparing a community strategy for the local area and developing strategies to tackle deprivation.
590 _aWB
650 _aLOCAL STRATEGIC PARTNERSHIPS
650 _aCOMMUNITY STRATEGY
650 _aURBAN REGENERATION
650 _aNEIGHBOURHOOD RENEWAL
690 _aREGENERATION
942 _n0
999 _c66551
_d66551